| 000 | 00000cas 2200000zi 4500 |
| 001 | 9.962821 |
| 003 | CaOODSP |
| 005 | 20260529093117 |
| 006 | m o d f |
| 007 | cr cn |||||||| |
| 008 | 240614c20259999qucar p o f0###a0eng|d |
| 022 | |a3111-1580 |
| 040 | |aCaOODSP|beng|erda|cCaOODSP |
| 043 | |an-cn--- |
| 086 | 1 |aBC9-46E-PDF |
| 110 | 2 |aCanadian Radio-television and Telecommunications Commission.|eauthor, |eissuing body. |
| 222 | 0|aReporting under the Fighting Against Forced Labour and Child Labour in Supply Chains Act |b(Canadian Radio-Television and Telecommunications Commission) |
| 245 | 10|aReporting under the Fighting Against Forced Labour and Child Labour in Supply Chains Act / |cCanadian Radio-television and Telecommunications Commission. |
| 264 | 1|a[Gatineau, Québec] : |bCanadian Radio-television and Telecommunications Commission = Conseil de la radiodiffusion et des télécommunications canadiennes, |c[2026]- |
| 310 | |aAnnual |
| 336 | |atext|btxt|2rdacontent |
| 337 | |acomputer|bc|2rdamedia |
| 338 | |aonline resource|bcr|2rdacarrier |
| 362 | 1 |aBegan with: 2025/2026. |
| 500 | |aIssued also in French under title: Rapport en vertu de la Loi sur la lutte contre le travail forcé et le travail des enfants dans les chaînes d’approvisionnement. |
| 588 | |aDescription based on: 2025/2026. |
| 588 | |aLatest issue consulted: 2025/2026. |
| 610 | 20|aCanadian Radio-television and Telecommunications Commission.|vPeriodicals. |
| 610 | 10|aCanada. |tFighting Against Forced Labour and Child Labour in Supply Chains Act |vPeriodicals. |
| 650 | 0|aForced labor|zCanada|xPrevention|vPeriodicals. |
| 650 | 0|aChild labor|zCanada|xPrevention|vPeriodicals. |
| 655 | 7|aPeriodicals|2lcgft |
| 775 | 08|tRapport en vertu de la Loi sur la lutte contre le travail forcé et le travail des enfants dans les chaînes d’approvisionnement / |w(CaOODSP)9.962820 |
| 780 | 00|tForced labour in Canadian supply chains / |w(CaOODSP)9.939404 |